Oru Vilapam (Record no. 82502)

MARC details
000 -LEADER
fixed length control field 00472nam a2200181Ia 4500
003 - CONTROL NUMBER IDENTIFIER
control field OSt
005 - DATE AND TIME OF LATEST TRANSACTION
control field 20220115055416.0
008 - FIXED-LENGTH DATA ELEMENTS--GENERAL INFORMATION
fixed length control field 211109s9999||||xx |||||||||||||| ||und||
040 ## - CATALOGING SOURCE
Transcribing agency SBCL
082 ## - DEWEY DECIMAL CLASSIFICATION NUMBER
Classification number 894.8121
Item number BAL-O
100 ## - MAIN ENTRY--PERSONAL NAME
Personal name Balakrishna Panicker, V C
245 #0 - TITLE STATEMENT
Title Oru Vilapam
260 ## - PUBLICATION, DISTRIBUTION, ETC.
Name of publisher, distributor, etc. SAHITHYA PRVARTHAKA SANGHAM
Place of publication, distribution, etc. Kottayam
Date of publication, distribution, etc. 1979
300 ## - PHYSICAL DESCRIPTION
Extent 45p.
630 ## - SUBJECT ADDED ENTRY--UNIFORM TITLE
General subdivision General Stack
650 ## - SUBJECT ADDED ENTRY--TOPICAL TERM
Topical term or geographic name entry element Malayalam Literature
942 ## - ADDED ENTRY ELEMENTS (KOHA)
Koha item type BOOK
650 ## - SUBJECT ADDED ENTRY--TOPICAL TERM
Form subdivision Malayalam PoetryGeneralia
Holdings
Withdrawn status Lost status Damaged status Not for loan Home library Current library Date acquired Total Checkouts Full call number Barcode Shelving location Date last seen Price effective from Koha item type
        SB LIBRARY SB LIBRARY 09/11/2021   894.8121 BAL-O 00067227 GENERAL STACK 09/11/2021 09/11/2021 BOOK

Powered by Koha